Statistiques concernant Le classement des joueurs de Ligue 1 les mieux payés

Cliquez ici pour prendre le quiz!

Statistiques générales

  • Ce quiz a été pris 237 fois
  • Le résultat moyen est 7 sur 10

Statistiques - réponses

HintRéponse% Correct
1Mbappé (PSG) 6 000 000 €
100%
2Neymar (PSG) 3 675 000 €
97%
3Messi (PSG) 3 375 000 €
96%
4Marquinhos (PSG) 1 200 000 €
79%
6Hakimi (PSG) 1 083 000 €
78%
8Ramos (PSG) 791 600 €
78%
5Verratti (PSG) 1 200 000 €
67%
7Donnarumma (PSG) 916 000 €
58%
9Bernat (PSG) 730 000 €
29%
10Mukiele (PSG) 700 000 €
24%

Distribution des résultats

Percentile par nombre de réponses

% des personnes avec chaque résultat

Votre développement - résultats

Vous n’avez pas pris ce quiz